[Event "Bohemia South-chT 0405"]
[Site "Czech Republic"]
[Date "2004.??.??"]
[Round "?"]
[White "Nemec, Karel"]
[Black "Sedy, Ctirad"]
[Result "0-1"]
[WhiteElo "1730"]
[BlackElo "1845"]
[PlyCount "89"]
[EventDate "2004.10.??"]
[EventType "team"]
[EventRounds "11"]
[EventCountry "CZE"]
[SourceTitle "EXT 2007"]
[Source "ChessBase"]
[SourceDate "2006.11.23"]
[SourceVersion "1"]
[SourceVersionDate "2006.11.23"]
[SourceQuality "1"]

1. e4 c5 2. Nc3 Nc6 3. b3 g6 4. Bb2 Bg7 5. Nf3 d6 6. Bb5 Bd7 7. Bxc6 Bxc6 8. Qe2 Nf6 9. 0-0-0 0-0 10. d4 cxd4 11. Nxd4 Qa5 12. Nxc6 bxc6 13. f4 Nh5 14. Qe3 Nxf4 15. Qxf4 Bxc3 16. Qf3 Bxb2+ 17. Kxb2 Qe5+ 18. Kb1 a5 19. a4 c5 20. Rd5 Qg7 21. h4 Rab8 22. h5 g5 23. h6 Qg6 24. Qg4 f6 25. Rh5 Kf7 26. Kb2 Rb4 27. Rf5 e6 28. Rf2 Rxe4 29. Qxg5 Ke7 30. Qxg6 hxg6 31. Rh2 Rh8 32. c3 Kf7 33. Rc2 g5 34. b4 cxb4 35. cxb4 Rxb4+ 36. Ka3 Kg6 37. Rc6 Rd4 38. Rh3 Rxh6 39. Rb3 Rh1 40. Rbb6 Ra1+ 41. Kb3 Rb1+ 42. Kc3 Rxb6 43. Rxb6 Rxa4 44. Rxd6 Kf5 45. Kb3 0-1